00463pab a2200157 454500008004000000100002400040245011300064260000900177300001400186362000800200650001800208650001500226700001500241700001600256773003300272180718b2004 xxu||||| |||| 00| 0 eng d aTubergen, Frank Van aThe economic incorporation of immigrants in 18 western societies: origin, destination, and community effects c2004 ap.704-27. aOct aLabour market aImmigrants aFlap, Henk aMaas, Ineke aAmerican Sociological Review